000
00332nam a22001457a 4500
008
210310b ||||| |||| 00| 0 eng d
020
_a
0801610389
041
_a
eng
080
_a
004
082
_a
004
100
_a
11
101
_a
BIO
245
_a
Assistive Technologies: Principles and Practice
_c
Cook,M.A
942
_2
udc
_c
BK
999
_c
56210
_d
56210